| 000 | 00805nam a2200217Ii 4500 | ||
|---|---|---|---|
| 003 | JO-AjNU | ||
| 008 | 230605s9999||||xx |||||||||||||| ||und|| | ||
| 017 | _a1997/5/552 | ||
| 040 |
_aJO-AjNU _bara _erda _cJO-AjNU |
||
| 041 | _aara | ||
| 050 | 1 | 4 | _aHG1615.L38 1997 |
| 100 | 3 |
_aتاليف اللوزي، سليمان احمد / م.مشارك: مهدي حسن زويلف، مدحت ابراهيم الطراونة, _eauthor _941514 |
|
| 245 | 0 | 0 | _aادارة البنوك |
| 250 | _aط1 | ||
| 264 | 3 | 1 | _aعمان: دار الفكر للطباعة والنشر، 1997 |
| 300 |
_a303ص _bيحتوي على ببلوغرافية من 298-303ص |
||
| 336 |
_atext _btxt _2rdacontent |
||
| 337 |
_aunmediated _bn _2rdamedia |
||
| 338 |
_avolume _bnc _2rdacarrier |
||
| 650 | 4 |
_aادارة البنوك _941515 |
|
| 999 |
_aA17705 _c21273 _d21273 |
||